000 00542nam a22001457a 4500
003 macl
005 20180501140622.0
008 180501b xxu||||| |||| 00| 0 eng d
040 _cmacl
100 _aअसगर वजाहत
_953061
245 _aअसगर वजाहत श्रेष्‍ठ कहानियां
260 _aनई दिल्‍ली
_bराष्‍ट्रीय पुस्‍तकालय न्‍यास भारत
_c2015
650 _aकहानियां
_972545
942 _2ddc
_cHIN
999 _c58087
_d58087